Toute les races de chien en C (sans image) - Statistiques

Statistiques générales
  • Ce quiz a été pris 32 fois
  • Le résultat moyen est 13 sur 74
Statistiques - réponses
Réponses % Correct
3 Caniche
93%
4 Caniche moyen
93%
5 Caniche nain
93%
6 Caniche royal
93%
7 Caniche toy
93%
65 Chihuahua
68%
66 Chihuahua à poil long
68%
9 Carlin ou Pug
57%
70 Cocker américain
46%
71 Cocker anglais
46%
67 Chow-chow
43%
10 Cavalier King Charle
39%
2 Cane corso
36%
72 Colley à poil court
36%
73 Colley à poil long
36%
1 Cairn terrier
21%
63 Chien-loup de Saarloos
21%
64 Chien-loup Tchèque
21%
12 Chien chinois à crête
18%
42 Chien de berger Croatie
11%
43 Chien de berger de Majorque
11%
46 Chien de montagne des Pyrénées
11%
57 Chien nu du Pérou
11%
58 Chien nu mexicain
11%
13 Chien courant Bernois
7%
14 Chien courant de Bosnie à poil dur
7%
15 Chien courant de halden
7%
16 Chien courant de Hygen
7%
17 Chien courant de Posavatz
7%
18 Chien courant de Schwyz
7%
19 Chien courant de Transylvanie
7%
20 Chien courant d'Istrie à poil dur
7%
21 Chien courant d'Istrie à poil ras
7%
22 Chien courant espagnol
7%
23 Chien courant finlandais
7%
24 Chien courant grec
7%
25 Chien courant italien à poil dur
7%
26 Chien courant italien a poil ras
7%
27 Chien courant serbe
7%
28 Chien courant slovaque
7%
29 Chien courant suisse
7%
30 Chien courant yougoslave de montagne
7%
31 Chien courant yougoslave tricolore
7%
32 Chien d'arrêt allemand à poil long
7%
33 Chien d'arrêt portugais
7%
35 Chien d'eau américain
7%
36 Chien d'eau espagnol
7%
37 Chien d'eau frison
7%
38 Chien d'eau irlandais
7%
39 Chien d'eau portugais
7%
40 Chien d'eau romagnol
7%
61 Chien suédois de Laponie
7%
74 Coton de Tuléar
7%
11 Chesapeake Bay Retriever
4%
34 Chien d'Artois
4%
44 Chien de Canaan
4%
41 Chien d'élan norvégien
4%
52 Chien d'élan suédois
4%
48 Chien de Saint-Hubert
4%
49 Chien de Taïwan
4%
54 Chien d'Oysel
4%
51 Chien du pharaon
4%
55 Chien finnois de Laponie
4%
56 Chien norvégien de Macareux
4%
59 Chien rouge de Bavière
4%
60 Chien rouge de Hanovre
4%
62 Chien thailandais
4%
68 Cirneco de l'Etna
4%
69 Clumber Spaniel
4%
8 Cao fila de São Miguel
0%
45 Chien de Castro Laboreiro
0%
47 Chien de montagne portugais
0%
53 Chien d'ours de Carélie
0%
50 Chien du goenland
0%
Aucun quiz correspondant
Distribution des résultats
% des personnes avec chaque résultat
Percentile par nombre de réponses
Votre historique - résultats
Vous n’avez pas pris ce quiz